| 000 | 00801nac a22002291u 4500 | ||
|---|---|---|---|
| 010 | _a 95013631 | ||
| 020 | _a0201848406 | ||
| 082 | 0 | 0 |
_a006.66 _bFOL |
| 090 |
_c7757 _d7757 |
||
| 100 | _a20080729 | ||
| 245 | 0 | 0 |
_aComputer graphics : _bprinciples and practice / _cJames D. Foley ... [et al.]. |
| 250 | _a2nd ed. in C. | ||
| 260 |
_aReading, Mass. : _bAddison-Wesley,1995 _c1995. |
||
| 300 |
_axxiii, 1175 p. : _bill. (some col.) ; _c25 cm. |
||
| 440 | 0 | _aAddison-Wesley systems programming series | |
| 500 | _adistributer: Baccah | ||
| 504 | _aIncludes bibliographical references (p. 1113-1151) and index. | ||
| 511 | _acatalogued by; wessam | ||
| 650 | 0 | _aComputer graphics. | |
| 700 | 1 |
_aFoley, James D., _d1942- |
|
| 942 |
_cNB _k006.66FOL |
||
| 999 |
_c7757 _d7757 |
||